Argentines - Sudden Death - Statistics

General Stats
  • This quiz has been taken 231 times
    54 since last reset
  • The average score is 7 of 13
Answers on the Grid
Answers color-coded by a green-red scale on the quiz's grid according to % correct below.
Che Guevara
Diego Maradona
Pablo Neruda
Hugo Chávez
Eva Perón
Fidel Castro
J Balvin
Víctor Jara
Lionel Messi
Pope Francis
Augusto Pinochet
Juan Manuel Fangio
Isabel Allende
Sofía Vergara
Julio Cortázar
Shakira
Jorge Luis Borges
Alberto Fujimori
Evo Morales
Mario Vargas Llosa
Carlos Bilardo
Diego Forlán
Gabriel Batistuta
Michelle Bachelet
Gabriela Sabatini
José Mujica
Manu Ginóbili
Pablo Escobar
Salvador Allende
Quino
 
Answer Stats
Answer % Correct
Diego Maradona
90%
Lionel Messi
83%
Pope Francis
68%
Che Guevara
63%
Eva Perón
63%
Jorge Luis Borges
49%
Juan Manuel Fangio
46%
Gabriel Batistuta
44%
Manu Ginóbili
44%
Gabriela Sabatini
34%
Carlos Bilardo
32%
Julio Cortázar
32%
Quino
22%
No matching quizzes found
Score Distribution
Percent of People with Each Score
Percentile by Number Answered
Your Score History
You have not taken this quiz since the last reset